The influences of sport on the social life in Britain

Guardat en:
Dades bibliogràfiques
Autor principal: Ngô Thị Bích Vân.
Altres autors: Thái Thị Ngọc Liễn (hướng dẫn.)
Format: Llibre
Idioma:English
Publicat: Đà Nẵng, 1998.
Matèries:
Etiquetes: Afegir etiqueta
Sense etiquetes, Sigues el primer a etiquetar aquest registre!
Thư viện lưu trữ: Mạng thư viện Đại học Đà Nẵng
LEADER 00970cam a2200337 i 4500
001 000044733
003 3141
005 20060627141806.0
008 010313b1998 vm 000 eng
040 |a IRC  |c IRC  |d IRC 
041 0 |a eng 
082 1 4 |a 796  |b NG-V 
100 1 |a Ngô Thị Bích Vân. 
245 0 4 |a The influences of sport on the social life in Britain  |h [Thesis - Luận văn] /  |c Ngô Thị Bích Vân thực hiện ; Thái Thị Ngọc Liễn hướng dẫn. 
260 |a Đà Nẵng,  |c 1998. 
300 |a 58p. ;  |c 29cm. 
630 0 4 |a Anh ngữ. 
630 0 4 |a Britain. 
630 0 4 |a Sport. 
650 0 4 |a Sport, influences on social life in Britain. 
700 1 |a Thái Thị Ngọc Liễn,  |e hướng dẫn. 
OWN |a DUT 
999 |a From the UDN01 
TYP |a Monograph 
TYP |a Printed language 
980 |a Mạng thư viện Đại học Đà Nẵng